| 000 | 00459nam a22001697a 4500 | ||
|---|---|---|---|
| 003 | BD-DhUL | ||
| 005 | 20180923161402.0 | ||
| 008 | 180923snd. pk ||||| |||| 00| 0 urd d | ||
| 040 |
_aBD-DhUL _cBD-DhUL |
||
| 082 |
_a891.431 _bJIA |
||
| 100 | 0 | _aجگر مرادابادی | |
| 245 | 1 |
_aاتش گل / _cجگر مرادابادی |
|
| 260 |
_aلاہور : _b، _c۔ |
||
| 300 |
_aص۔ ۲۲۴ ؛ _c۲۰ سم۔ |
||
| 650 | 4 | _aUrdu literature | |
| 942 |
_2ddc _cBK |
||
| 999 |
_c243619 _d243619 |
||